[Event "Challenge"]
[Site "http://www.queenalice.com/game.php?id=199552"]
[Date "2007.4.20"]
[Round "-"]
[White "rupam"]
[Black "Frankone"]
[Result "1-0"]
[WhiteElo "1523"]
[BlackElo "1366"]

1. Nf3 c5 2. c3 d6 3. e3 e5 4. Bb5+ Bd7 5. Bd3 f5 6. e4 g6 7. a4 f4 8. Bc4 Nf6
9. d3 Qa5 10. Qb3 Nc6 11. Bf7+ Kd8 12. Ng5 Nb4 13. O-O h6 14. Ne6+ Kc8 15. cxb4
d5 16. bxa5 b5 17. axb5 Rb8 18. b6 axb6 19. axb6 Be7 20. Ra7 Rh7 21. Rc7# 1-0

[Event "Challenge"]
[Site "http://www.queenalice.com/game.php?id=203680"]
[Date "2007.4.28"]
[Round "-"]
[White "schwam"]
[Black "rupam"]
[Result "1-0"]
[WhiteElo "1859"]
[BlackElo "1594"]

1. e4 e6 2. d4 d6 3. Nf3 a6 4. Nc3 c6 5. Bg5 Qb6 6. b3 Qa5 7. Bd2 Qb6 8. Na4 Qc7
9. Bc3 Nd7 10. Qd2 Ngf6 11. Ba5 b6 12. Bc3 Bb7 13. Bd3 Be7 14. O-O-O c5 15. d5
exd5 16. Bxf6 Nxf6 17. exd5 Bxd5 18. Nc3 Be6 19. Be4 Rd8 20. Nd5 Qa7 21. Nxf6+
Bxf6 22. Bc6+ Ke7 23. Rhe1 Qc7 24. Qd5 Be5 25. Qe4 f6 26. Bd5 Bd7 27. Qh4 Kf8
28. Nxe5 dxe5 29. h3 h6 30. Qh5 Be8 31. Qf3 b5 32. c3 a5 33. c4 Rd6 34. Rxe5 Bf7
35. Bxf7 Kxf7 36. Rxd6 Qxd6 37. Qd5+ Qxd5 38. Rxd5 bxc4 39. bxc4 Re8 40. Kd2 1-0

[Event "Challenge"]
[Site "http://www.queenalice.com/game.php?id=203795"]
[Date "2007.4.29"]
[Round "-"]
[White "rupam"]
[Black "fantasigno"]
[Result "1-0"]
[WhiteElo "1589"]
[BlackElo "1855"]

1. Nf3 d5 2. e3 Nf6 3. c3 Nc6 4. h3 e5 5. Bb5 Bd6 6. Bxc6+ bxc6 7. b3 Ba6 8. d3
e4 9. dxe4 Nxe4 10. Qc2 O-O 11. Bb2 Re8 12. Nbd2 f5 13. c4 Bb4 14. O-O Bxd2 15.
Nxd2 Qh4 16. Nf3 Qh5 17. Be5 Re6 18. Qb2 Rg6 19. Kh2 Ng5 20. Rg1 Rh6 21. Nxg5
Qxg5 22. Bf4 Qh5 23. Bxh6 Qxh6 24. Qd4 Qd6+ 25. Kh1 c5 26. Qc3 c6 27. Rad1 Qe6
28. Qa5 Bc8 29. Qxc5 h5 30. cxd5 cxd5 31. Rxd5 Ba6 32. Rd6 Qe4 33. f3 Qh4 34.
Qd5+ Kh7 35. Qxa8 Be2 36. Qd5 Bxf3 37. Qxf3 a5 38. Qxf5+ g6 39. Qxg6+ 1-0

[Event "AUTO-INT-436"]
[Site "http://www.queenalice.com/game.php?id=204150"]
[Date "2007.4.30"]
[Round "1"]
[White "mast"]
[Black "rupam"]
[Result "0-1"]
[WhiteElo "1411"]
[BlackElo "1585"]

1. e4 e6 2. c3 Nf6 3. Qf3 Nc6 4. d4 a6 5. Bg5 Be7 6. Bb5 axb5 7. Bxf6 Bxf6 8. e5
Be7 9. Nd2 d6 10. Ne2 dxe5 11. Nb3 Bf6 12. O-O b4 13. a3 Bd7 14. axb4 Rxa1 15.
Rxa1 O-O 16. Nc5 Bc8 17. Ra8 exd4 18. Nxb7 Qd7 19. Nc5 Qd6 20. cxd4 Bxd4 21.
Nxd4 Nxd4 22. Qe4 Nf5 23. h3 Qd1+ 24. Kh2 Qd2 25. Nd3 Nd6 26. Qd4 Qc2 27. Qc3
Qd1 28. Nc5 Qd5 29. Ra7 Nb5 30. Qd3 Qxd3 31. Nxd3 Nxa7 32. h4 Rd8 33. Ne1 Rd2
34. f3 Rxb2 35. Nd3 Rd2 36. Nf4 Bb7 37. Kg1 Nb5 38. Kh2 Nd4 39. Kg3 Nf5+ 40. Kh2
Nxh4 41. Kg3 Nf5+ 0-1

[Event "AUTO-INT-436"]
[Site "http://www.queenalice.com/game.php?id=204151"]
[Date "2007.4.30"]
[Round "1"]
[White "rupam"]
[Black "mast"]
[Result "1-0"]
[WhiteElo "1616"]
[BlackElo "1481"]

1. c3 e5 2. d3 d5 3. e3 Nf6 4. h3 Bd6 5. Nf3 Nc6 6. b3 h6 7. Be2 O-O 8. O-O e4
9. Nfd2 Be6 10. d4 Ne7 11. c4 Bb4 12. a3 Bxd2 13. Nxd2 b6 14. Bb2 Nc6 15. Rc1
Qd7 16. a4 Na5 17. c5 Qc6 18. Bb5 Qb7 19. Bc3 c6 20. Be2 Qe7 21. Bb4 Nd7 22.
Bxa5 bxa5 23. Nb1 Qg5 24. Kh1 Nf6 25. Rg1 Qh4 26. Qf1 Nh7 27. Nd2 Ng5 28. Kh2
Bxh3 29. gxh3 f5 30. f4 Ne6 31. Rg3 Rf6 32. Qg1 Raf8 33. Qg2 R8f7 34. Ba6 Nc7
35. Bc8 Qh5 36. Rg1 g6 37. Qf2 Ne6 38. R1g2 Rg7 39. Qf1 Kh7 40. Bxe6 Rxe6 41.
Qa6 Qd1 42. Qxa5 Rb7 43. b4 Qa1 44. Qa6 Rc7 45. a5 Rce7 46. Qe2 Qb2 47. Qf1 Qxb4
48. Qg1 Rg7 49. h4 h5 50. Rg5 Qxa5 51. Rxh5+ gxh5 52. Rxg7+ Kh8 53. Rg8+ Kh7 54.
Qg7# 1-0

[Event "AUTO-INT-436"]
[Site "http://www.queenalice.com/game.php?id=204166"]
[Date "2007.4.30"]
[Round "1"]
[White "Wecker"]
[Black "rupam"]
[Result "1-0"]
[WhiteElo "1623"]
[BlackElo "1552"]

1. e4 c6 2. d4 e6 3. Nc3 Be7 4. Nf3 d6 5. e5 dxe5 6. Nxe5 Bf6 7. Bc4 b5 8. Bb3
Ne7 9. Qf3 a6 10. Bg5 Bxe5 11. dxe5 Qc7 12. Qe2 Ng6 13. O-O-O Nxe5 14. Rd8+ Qxd8
15. Bxd8 Ned7 16. Bc7 Ke7 17. Bxb8 Rxb8 18. f4 g6 19. Re1 Nf6 20. g4 Re8 21. f5
Kf8 22. Qe5 1-0

[Event "AUTO-INT-436"]
[Site "http://www.queenalice.com/game.php?id=204167"]
[Date "2007.4.30"]
[Round "1"]
[White "rupam"]
[Black "Wecker"]
[Result "1-0"]
[WhiteElo "1533"]
[BlackElo "1602"]

1. e3 e5 2. c3 d5 3. d3 Nf6 4. Be2 Nc6 5. Nd2 d4 6. Nc4 dxe3 7. Bxe3 b5 8. Na3
Ng4 9. Bd2 Bc5 10. Bxg4 Qf6 11. Bf3 1-0

[Event "AUTO-INT-436"]
[Site "http://www.queenalice.com/game.php?id=204176"]
[Date "2007.4.30"]
[Round "1"]
[White "filhoje"]
[Black "rupam"]
[Result "1-0"]
[WhiteElo "1622"]
[BlackElo "1661"]

1. e4 Nc6 2. d4 e6 3. Nf3 Bb4+ 4. c3 Be7 5. Na3 d6 6. Bb5 Bd7 7. O-O Nf6 8. e5
dxe5 9. Nxe5 O-O 10. Bf4 a6 11. Bd3 Nd5 12. Qf3 Nxe5 13. Bxe5 b5 14. Qg3 g6 15.
Qh3 c5 16. dxc5 Bxc5 17. Be4 Rc8 18. Nc2 Be7 19. Rad1 Qe8 20. Qd3 Bc6 21. Qd4 f6
22. Bg3 Rd8 23. Qa7 Ra8 24. Qd4 Qd7 25. Bf3 Qb7 26. Qe4 Qd7 27. c4 bxc4 28. Qxc4
Bb5 29. Qb3 Bxf1 30. Kxf1 Rad8 31. Ne3 Qb5+ 32. Rd3 Qxb3 33. Rxb3 Rd7 34. Be2 f5
35. Be5 h5 36. Bxa6 f4 37. Nxd5 Rxd5 38. Bc7 Rd7 39. Be5 Rf5 40. Bc8 Rxe5 41.
Bxd7 Kf7 42. a4 g5 43. f3 Rd5 44. Bb5 Rd2 45. a5 Rd1+ 46. Ke2 Ra1 47. a6 Bc5 48.
Rc3 Bg1 49. Bd3 Bd4 50. Rc2 h4 51. b4 Ke7 52. Bc4 e5 53. b5 Kd6 54. Kd3 Kc5 55.
Ke4 1-0

[Event "AUTO-INT-436"]
[Site "http://www.queenalice.com/game.php?id=204177"]
[Date "2007.4.30"]
[Round "1"]
[White "rupam"]
[Black "filhoje"]
[Result "1-0"]
[WhiteElo "1554"]
[BlackElo "1615"]

1. a3 e5 2. c3 d5 3. e3 b6 4. Be2 Bb7 5. Qa4+ Bc6 6. Qc2 d4 7. Bf3 Nf6 8. cxd4
Bxf3 9. Nxf3 exd4 10. Nxd4 Qd6 11. b4 Ng4 12. Qe4+ Be7 13. Qxg4 c5 14. Nf5 Qe5
15. Ra2 Bf6 16. Bb2 Qe6 17. O-O Qxa2 18. Bxf6 gxf6 19. Qe4+ Kd7 20. Qxa8 Rg8 21.
Qxa7+ Ke6 22. e4 Ke5 23. d3 Kf4 24. Qc7+ Kg5 25. Qg3+ 1-0

[Event "AUTO-INT-531"]
[Site "http://www.queenalice.com/game.php?id=240083"]
[Date "2007.7.14"]
[Round "1"]
[White "amadeuswags"]
[Black "rupam"]
[Result "0-1"]
[WhiteElo "1308"]
[BlackElo "1585"]

1. e4 Nf6 2. Nc3 e6 3. d4 Bb4 4. a3 Bxc3+ 5. bxc3 Nxe4 6. Qd3 Nf6 7. Bg5 c6 8.
Nf3 Qc7 9. Be2 Nd5 10. c4 Nb6 11. c5 Nd5 12. O-O b6 13. Rae1 h6 0-1

[Event "AUTO-INT-531"]
[Site "http://www.queenalice.com/game.php?id=240084"]
[Date "2007.7.14"]
[Round "1"]
[White "rupam"]
[Black "amadeuswags"]
[Result "1-0"]
[WhiteElo "1580"]
[BlackElo "1313"]

1. d4 Nc6 2. c3 e5 3. dxe5 Nxe5 4. Qd4 Nc6 5. Qe4+ Nge7 6. Bg5 h6 7. Bh4 d5 8.
Qe3 d4 9. Qe4 Bf5 10. Bxe7 Nxe7 11. Qe5 f6 12. Qb5+ Qd7 13. Qxd7+ Kxd7 14. cxd4
Nd5 15. Nc3 1-0

[Event "AUTO-INT-531"]
[Site "http://www.queenalice.com/game.php?id=240099"]
[Date "2007.7.14"]
[Round "1"]
[White "gniark"]
[Black "rupam"]
[Result "0-1"]
[WhiteElo "1632"]
[BlackElo "1627"]

1. d4 d5 2. c4 c6 3. Nf3 dxc4 4. e4 e6 5. Bxc4 Bb4+ 6. Bd2 Bxd2+ 7. Qxd2 Ne7 8.
Nc3 b5 9. Bd3 a6 10. O-O O-O 11. Rac1 Bb7 12. Qc2 Ng6 13. a4 Nd7 14. b4 Qe7 15.
Qb3 Nf4 16. Bb1 Nb6 17. a5 Nc4 18. Rfe1 Rad8 19. Rcd1 e5 20. dxe5 Nxe5 21. Nxe5
Qxe5 22. Ba2 Rxd1 23. Rxd1 Qg5 24. g3 Nh3+ 25. Kf1 Qg4 26. f3 Qxf3+ 0-1

[Event "AUTO-INT-531"]
[Site "http://www.queenalice.com/game.php?id=240100"]
[Date "2007.7.14"]
[Round "1"]
[White "rupam"]
[Black "gniark"]
[Result "0-1"]
[WhiteElo "1643"]
[BlackElo "1624"]

1. Nf3 Nf6 2. d3 e6 3. c3 d5 4. Qa4+ Bd7 5. Qb3 b6 6. Ne5 c5 7. e3 Nc6 8. Nf3
Bd6 9. Na3 O-O 10. Be2 Qc7 11. Nb5 Qb8 12. c4 Na5 13. Qc2 Bxb5 14. cxb5 Qc7 15.
b3 e5 16. g3 Rac8 17. O-O Rfe8 18. e4 Qd7 19. a4 dxe4 20. dxe4 Qe6 21. Rb1 c4
22. bxc4 Nxc4 23. Qd3 Bc5 24. Be3 Nxe3 0-1

[Event "AUTO-INT-531"]
[Site "http://www.queenalice.com/game.php?id=240109"]
[Date "2007.7.14"]
[Round "1"]
[White "arauca"]
[Black "rupam"]
[Result "1-0"]
[WhiteElo "2019"]
[BlackElo "1587"]

1. d4 c6 2. c4 e6 3. e4 Bb4+ 4. Bd2 Be7 5. Nf3 d6 6. Nc3 Qb6 7. Qc2 Nf6 8. h3 d5
9. e5 Nfd7 10. c5 Qc7 11. Bd3 g6 12. O-O b6 13. b4 a5 14. a3 Bb7 15. Bg5 f6 16.
exf6 Nxf6 17. Rae1 Bc8 18. Ne5 Rg8 19. Re3 Nbd7 20. Rfe1 Nf8 21. Nxc6 axb4 22.
axb4 Ra3 23. Nxe7 Qxe7 24. Nxd5 1-0

[Event "AUTO-INT-531"]
[Site "http://www.queenalice.com/game.php?id=240110"]
[Date "2007.7.14"]
[Round "1"]
[White "rupam"]
[Black "arauca"]
[Result "0-1"]
[WhiteElo "1590"]
[BlackElo "1925"]

1. e3 d5 2. d3 e5 3. c3 Nc6 4. a3 Nf6 5. Ne2 Be7 6. Nd2 O-O 7. e4 Be6 8. exd5
Nxd5 9. d4 exd4 10. cxd4 Re8 11. Nf3 Bf6 12. Bd2 Bg4 13. Be3 Nxe3 14. Qd3 Bf5
15. Qxe3 Rxe3 16. fxe3 Qe7 17. Kf2 Re8 0-1

[Event "Challenge"]
[Site "http://www.queenalice.com/game.php?id=248296"]
[Date "2007.7.30"]
[Round "-"]
[White "cdare"]
[Black "rupam"]
[Result "0-1"]
[WhiteElo "1698"]
[BlackElo "1643"]

1. e4 Nc6 2. Nf3 e6 3. Nc3 Bc5 4. Bb5 Nd4 5. d3 c6 6. Nxd4 Bxd4 7. Bc4 Qf6 8.
Qd2 b5 9. Nxb5 cxb5 10. Bxb5 Bxb2 11. Bxd7+ Bxd7 12. Bxb2 Qxb2 13. O-O Ne7 14.
Qg5 Ng6 15. Rfc1 h6 16. Qd2 Ke7 17. Rcb1 Qd4 18. Qb4+ Qxb4 19. Rxb4 Rhc8 20. c4
Nf4 21. d4 Ne2+ 0-1

[Event "Challenge"]
[Site "http://www.queenalice.com/game.php?id=248297"]
[Date "2007.7.30"]
[Round "-"]
[White "rupam"]
[Black "cdare"]
[Result "0-1"]
[WhiteElo "1626"]
[BlackElo "1651"]

1. d3 e5 2. Nc3 Nc6 3. e3 Nf6 4. Nf3 Bc5 5. a3 d6 6. Be2 Bg4 7. Nd2 Bxe2 8. Qxe2
Qd7 9. h3 O-O 10. Nf3 a6 11. Bd2 b5 12. b4 Nxb4 13. axb4 Bxb4 14. O-O Qc6 15.
Na2 Bxd2 16. Qxd2 Rad8 17. Nb4 Qd7 18. Rxa6 h6 19. Rc6 Rfe8 20. Qc3 Rc8 21. Ra1
Kh7 22. Ra7 Re7 23. Na6 Nd5 24. Qa5 Qxc6 0-1